| 000 | 00885cam a2200205 4500 | ||
|---|---|---|---|
| 999 |
_c66831 _d66831 |
||
| 005 | 20180118100535.0 | ||
| 008 | s1992 mx spa | ||
| 020 | _a9688590746 | ||
| 050 | 0 | 4 |
_aHC135 _bE47 1992 |
| 245 | 0 | 0 |
_aEmpresarios, indios y estado : _bperfil de la economía mexicana (siglo XVIII) _c/ Arij Ouweneel, María Cristina Torales Pacheco, coord. y comp. |
| 260 |
_aMéxico : _bUniversidad Iberoamericana, Departamento de Historia, _c1992. |
||
| 300 |
_a355 p. ; _c21 cm. |
||
| 650 | 7 |
_2LEMB _aIndios de México _xComercio _ySiglo XVIII |
|
| 651 | 7 |
_aMéxico _xComercio _xHistoria |
|
| 651 | 7 |
_2LEMB _aMexico _xCondiciones económicas _xHistoriografia |
|
| 700 | 1 |
_aOuweneel, Arij, coord. _d[1957- ] _ecomp. |
|
| 700 | 1 |
_aTorales Pacheco, María Cristina, _ecoord. |
|
| 710 | 1 |
_aMéxico : _bUniversidad Iberoamericana, Departamento de Historia |
|
| 942 |
_2lcc _cLIB |
||